| 000 | 00383nam a2200145Ia 4500 | ||
|---|---|---|---|
| 008 | 230917s9999||||xx |||||||||||||| ||und|| | ||
| 040 |
_e118956 _aMAIN |
||
| 041 | _aEnglish | ||
| 082 | _a338.4791 N164G | ||
| 100 | _aNarasaiah, M.Lakashmi | ||
| 245 | 0 | _aGlobalization and sustainable tourism development | |
| 260 |
_aNew Delhi _bDiscovery _c2004 |
||
| 300 | _a160 p. | ||
| 942 | _cBK | ||
| 999 |
_c129451 _d129451 |
||